| Tag |
First Indicator |
Second Indicator |
Subfields |
| LEADER |
00000cam a2200000 a 4500 |
| 001 |
in00000089516 |
| 005 |
20151008063508.0 |
| 008 |
811120s1981 miu b 00100 eng |
| 010 |
|
|
|a 81065036
|
| 020 |
|
|
|a 0916950212
|
| 020 |
|
|
|a 0916950204 (pbk.)
|
| 035 |
|
|
|a (OCoLC)07791216
|
| 035 |
|
|
|9 AAK2353AM
|
| 040 |
|
|
|a DLC
|c DLC
|d TXA
|d UtOrBLW
|
| 041 |
0 |
|
|a eng
|a spa
|
| 049 |
|
|
|a TXAM
|c [932940]
|
| 050 |
0 |
0 |
|a PQ6601.L26
|b Z95
|
| 082 |
0 |
|
|a 861/.62
|2 19
|
| 245 |
0 |
0 |
|a Vicente Aleixandre, a critical appraisal /
|c edited by Santiago Daydi-Tolson.
|
| 264 |
|
1 |
|a Ypsilanti, Mich. :
|b Bilingual Press/Editorial Bilingue,
|c [1981]
|
| 264 |
|
4 |
|c ©1981
|
| 300 |
|
|
|a 330 pages ;
|c 23 cm.
|
| 336 |
|
|
|a text
|b txt
|2 rdacontent
|
| 337 |
|
|
|a unmediated
|b n
|2 rdamedia
|
| 338 |
|
|
|a volume
|b nc
|2 rdacarrier
|
| 490 |
1 |
|
|a Studies in literary analysis
|
| 500 |
|
|
|a English and Spanish.
|
| 500 |
|
|
|a Includes index.
|
| 504 |
|
|
|a Bibliography: pages [282]-323.
|
| 600 |
1 |
0 |
|a Aleixandre, Vicente,
|d 1898-1984
|x Criticism and interpretation.
|
| 700 |
1 |
|
|a Daydí-Tolson, Santiago.
|
| 830 |
|
0 |
|a Studies in literary analysis.
|
| 999 |
|
|
|a MARS
|
| 999 |
f |
f |
|s 145faf9f-a3ce-33db-9c27-42d170673df8
|i e07295c9-f470-3bf4-adfa-5f91f4607b7a
|t 0
|
| 952 |
f |
f |
|p ric
|a Texas A&M University
|b Rellis Campus
|c Joint Library Facility
|d Remote Storage
|t 0
|e PQ6601.L26 Z95
|h Library of Congress classification
|i unmediated -- volume
|m A14806181681
|
| 998 |
f |
f |
|a PQ6601.L26 Z95
|t 0
|l Remote Storage
|